Pokrokové konstrukce lisovacích nástrojů

Bibliographic Details
Main Author: Dobrovolný, Bohumil, 1906-1990 (Author)
Format: Book
Language:Czech
PhysicalDescription:163 s. grafy, ilustr., sch., tab. 17 cm
Published: Praha Práce 1959
Edition:1. vyd.
Series:Technický výběr do kapsy
Subjects:

MARC

LEADER 00000nam a2200000 a 4500
001 vtls001270169
003 SK-MaSNL
005 20260301145012.0
008 251029s1959 xr dal g f 00100 cze
020 |q (brož.) 
035 |a SNK000221243 
040 |a SNK  |b slo  |c SNK  |e AACR2 
041 0 |a cze 
044 |a xr  |c CZ 
072 7 |a 621  |x Strojárstvo  |2 konspekt 
080 |a 621.715.2  |2 2001 
080 |a 621.7/.9  |2 2001 
080 |a 62-027.28  |2 2001 
080 |a (035)  |2 2001 
100 1 |a Dobrovolný, Bohumil,  |d 1906-1990  |4 aut  |9 100037 
245 1 0 |a Pokrokové konstrukce lisovacích nástrojů 
250 |a 1. vyd. 
260 |a Praha  |b Práce  |c 1959 
300 |a 163 s.  |b grafy, ilustr., sch., tab.  |c 17 cm 
366 |e 15000 výt. 
490 1 |a Technický výběr do kapsy  |v sv. 20 
504 |a Bibliogr. s. 161. Pozn. Reg. 
650 0 7 |a nástrojárstvo  |2 SNKPH  |9 100038 
650 0 7 |a nástroje (technika)  |2 SNKPH  |9 68459 
650 0 7 |a strojárska technológia  |2 SNKPH  |9 65980 
650 0 7 |a konštrukcie (technika)  |2 SNKPH  |9 67976 
655 7 |a príručky  |2 SNKPH  |9 74364 
830 0 |a Technický výběr do kapsy  |9 291857 
999 |c 778827  |d 780757 
952 |a SNK  |b SNK  |y NEVYP  |7 0  |p 17A0594205  |o snkID 24364 D1  |i snkKIP 7878/59  |0 0  |1 1  |4 0  |d 2008-07-28  |l 0  |r 2026-02-24 00:57:27  |w 2026-02-24 
952 |a SNK  |b SNK  |y VYP  |7 0  |p 17A0027403  |o snkID 24364  |i snkKIP 7877/59  |0 0  |1 0  |4 0  |d 1996-12-16  |l 0  |r 2005-01-01 00:00:00  |w 2026-02-24